Chansons Françaises par titres détournés III - Statistiques

Statistiques générales
  • Ce quiz a été pris 1 342 fois
  • Le résultat moyen est 7 sur 15
Statistiques - réponses
Hint Réponse % Correct
Briser les cordes vocales Casser la voix
94%
Dos à la terre Face à la mer
83%
Lorsque le rythme est de qualité Quand la musique est bonne
77%
Oui mère oui Si maman si
77%
Les meufs du Roi de la savane Les lionnes
66%
Après cette polka on arrête Dernière danse
54%
Collaborateur très spécial Partenaire particulier
52%
Esplanade interdite aux naines Place des grands hommes
49%
La PME qui m'appartient Ma petite entreprise
47%
Mon choix de prédilection Ma préférence
36%
Vision létale Elle a les yeux revolver
33%
Tu vois le gars qu'a sauvé la meuf ? Bin c'est pas moi ! Je ne suis pas un héros
29%
Cause du décès : l'amour que je lui porte Je l'aime à mourir
28%
Maîtriser l'affection Savoir aimer
20%
Aller-retour informatif Je suis venu te dire que je m'en vais
1%
Aucun quiz correspondant
Distribution des résultats
% des personnes avec chaque résultat
Percentile par nombre de réponses
Votre historique - résultats
Vous n’avez pas pris ce quiz